000 01168cam a2200337 a 4500
999 _c453
_d453
001 12753209
003 GZU
005 20200831084155.0
008 020227s2002 ke a b 100 0 eng
010 _a 2001313453
020 _a9966218122
035 _a(DLC) 2001313453
040 _aDLC
_cDLC
_dDLC
042 _alcode
043 _af------
050 0 0 _aBR1642.A35
_bN48 2002
082 0 0 _a266/.26
_222
245 0 0 _aNew strategies for a new evangelization in Africa /
_cCecil McGarry ... [et al.] ; editor, Patrick Ryan.
260 _aNairobi, Kenya :
_bPaulines Publications Africa,
_c2002.
300 _a143 p. :
_bill. ;
_c21 cm.
504 _aIncludes bibliographical references.
650 0 _aEvangelicalism
_zAfrica
_vCongresses.
650 0 _aEvangelicalism
_xCatholic Church
_vCongresses.
650 0 _aPastoral theology
_zAfrica
_vCongresses.
650 0 _aPastoral theology
_xCatholic Church
_vCongresses.
700 1 _aMcGarry, Cecil.
700 1 _aRyan, Patrick,
_d1943-
906 _a7
_bcbc
_corigode
_d3
_encip
_f20
_gy-gencatlg
942 _2olc
_cBK
_h1642
_iNEW
_kBR
_m2002